|
|
|
|
| LEADER |
00000cam a2200000 a 4500 |
| 001 |
1168a |
| 005 |
20230308171820.0 |
| 008 |
000000|1915 ||||||||r|||||||||||spa|| |
| 040 |
|
|
|b spa
|
| 041 |
1 |
|
|a spa
|
| 082 |
0 |
|
|a 332
|
| 100 |
1 |
|
|a McAdoo, Wílliam G.
|9 19790
|
| 245 |
|
|
|a Actas del primer Congreso Financiero Panamericano
|c Wílliam G. McAdoo
|h imp
|
| 264 |
|
|
|a Washington
|b Imprenta del Gobierno
|c 1915
|
| 300 |
|
|
|a 760 páginas:
|c 23.5 cm
|
| 650 |
|
|
|a Actas congreso financiero panamericano
|9 19791
|
| 852 |
|
|
|a UC-CDJBV
|c ESTANTERIA CERRADA
|f Donación
|k mariana.feican
|l 1
|m Limitada
|p 00000000
|q 1.00
|t 1168a
|y 383492
|b 1
|d CDRC
|e CDRC
|g 332 ESTANTERIA CERRADA
|z 0000-00-00
|
| 942 |
|
|
|c BK
|
| 999 |
|
|
|c 37663
|d 37663
|